| 000 | 00587nam a22001697a 4500 | ||
|---|---|---|---|
| 003 | OSt | ||
| 005 | 20171010095516.0 | ||
| 008 | 120814t xxu||||| |||| 00| 0 eng d | ||
| 040 |
_aMMSU _cULS |
||
| 100 |
_aMagano, Genevieve I. _912168 |
||
| 245 |
_aQuality, reading facility and human interest of modules in community development _cGenevieve I. Magano |
||
| 260 | _c2001 | ||
| 300 |
_axiv, 251 leaves _c28 cm. |
||
| 500 | _aThesis (Ph.D. Rural Development) -- Mariano Marcos State University-Graduate School, Laoag City | ||
| 504 | _aBibliography: leaves 70-73 | ||
| 942 |
_2ddc _cTHEDIS |
||
| 999 |
_c9737 _d9737 |
||